1951 1107 1655 1873 1873 1638 1516 1604 1193 1120 1611 1306 1781 1617 1272 1775 1200 1940 1250 1160 1231 1625 1616 1174 1860 1782 1773 1816 1483 1807 1862 1978 1464 1917 1729 1836 1875 1707 1690 1299 1176 1021 1168 1502 1269 1407 1891 1192 1301 1067 1185 1991 1364 1550 1578 1605 1930 1704 1462 1750 1514 1862 1540 1759 1163 1872 1730 1409 1559 1148 1809 1892 1378 1837 1801 1572 1742 1720 1489 1124 1305 1000 1858 1130 1369 1555 1031 1917 1041 1251 1339 1157 1258 1364 1355 1398 1484 1697 1809 BCNSPRNW ULIB Ver.6.0+V

เปลี่ยนเป็นภาษาไทย

Change to English
 แสดงรายละเอียดบรรณานุกรม
  กลับหน้าหลัก

Brief Record : Get Marc (ISO 2709) : E-mail record : QR code < ปิดหน้าต่าง
LEADER : 00000nam 2200000uu 4500
001    13399122593
003     ULIB
008    020711s2545 th a 000 0 tha d
020    9743226923
090    นว.^bA613ด
100    Ann M. Martin.;^eเขียน
245    เดอะดอลล์ พีเพิล /^cAnn M. Martin & Laura Godwin ; เขียน,วิลาวัณย์ ฤดีศานต์ ; แปล
260    กรุงเทพฯ :^bมติชน,^c2545
300    240 หน้า
700    Laura Godwin.;^eเขียน
700    วิลาวัณย์ ฤดีศานต์. ;^e แปล
945    ^p175^l0^i20039
999    ^aทศพร เกษรทอง
รายการนี้ยังไม่มีแท็ก
คุณยังไม่ได้ล็อกอิน คุณสามารถมีกิจกรรมร่วมกับเว็บไซต์ได้ แต่ต้องล็อกอินก่อน ::
  ล็อกอิน

รายการสื่อสารสนเทศ

ลำดับที่ ประเภท เลขเรียก/บาร์โค้ด สถานที่ สถานะ
1. นวนิยาย
นวนิยาย
นว. A613ด ฉ.1 
  Barcode: 20039
ห้องสมุดวิทยาเขตสวรรค์ประชารักษ์
►นวนิยาย
บนชั้น
  ขอยืม

BibComment


ยังไม่เคยถูกคอมเมนท์

คอมเมนท์ทรัพยากรรายการนี้
  คอมเมนท์: เดอะดอลล์ พีเพิล ..


 Copyright 2026. Bcnsprnw @Library